Normal view
MARC view
Entry Personal Name
001 - CONTROL NUMBER
- control field: 1136925
003 - CONTROL NUMBER IDENTIFIER
- control field: OSt
005 - DATE AND TIME OF LATEST TRANSACTION
- control field: 20260320203147.0
008 - FIXED-LENGTH DATA ELEMENTS
- fixed length control field: 260320|| aca||aabn | a|a d
040 ## - CATALOGING SOURCE
- Original cataloging agency: OSt
- Transcribing agency: OSt
100 ## - HEADING--PERSONAL NAME
- Personal name: Carl Posy, Yemima Ben-Menahem
670 ## - SOURCE DATA FOUND
- Source citation: Work cat.: (OSt)1725591: Carl Posy, Yemima Ben-Menahem, Mathematical Knowledge, Objects and Applications
